History Quiz

Random History or Clickable Quiz

Who Died and Made You King? Quiz Stats

 Plays Quiz Updated May 18, 2019

Score 0/20 Timer 04:00
8 Plays Today
% Correct
John F. Kennedy
86.9%
Steve Jobs
86.5%
King George VI
79.6%
Hirohito
78.1%
Kim Jong-il
75.9%
Kim Il-sung
75.8%
Tsar Alexander III
75.2%
Pope John Paul I
74.3%
Pope John Paul II
73.2%
King Edward VII
71.1%
% Correct
Anwar Sadat
69.7%
Gamal Nasser
67.8%
James A. Garfield
66.6%
Claudius
66%
Keith Moon
63.4%
William Rehnquist
54.8%
Tiberius
54.3%
Dag Hammarskjöld
51.4%
Catherine the Great
50.7%
John Marshall
48.8%

You're not logged in!

Compare scores with friends on all Sporcle quizzes.
OR
Log In

Show Comments

Extras

Top Quizzes Today


Score Distribution

Your Account Isn't Verified!

In order to create a playlist on Sporcle, you need to verify the email address you used during registration. Go to your Sporcle Settings to finish the process.

Report this User

Report this user for behavior that violates our Community Guidelines.

Details: